Normal view
MARC view
- Stringham, G. E.
Entry Personal Name
001 - CONTROL NUMBER
- control field: 43949
003 - CONTROL NUMBER IDENTIFIER
- control field: NUST
005 - DATE AND TIME OF LATEST TRANSACTION
- control field: 20210314132834.0
008 - FIXED-LENGTH DATA ELEMENTS
- fixed length control field: 210314|| aca||aabn | a|a d
040 ## - CATALOGING SOURCE
- Original cataloging agency: NUST
- Transcribing agency: NUST
100 ## - HEADING--PERSONAL NAME
- Personal name: Stringham, G. E.
670 ## - SOURCE DATA FOUND
- Source citation: Work cat.: (NUST): Hansen, Vaughn E. 43947, Irrigation principles and practices /, c1979.
